Tintinalli's emergency medicine : (Record no. 10280)

MARC details
000 -LEADER
fixed length control field 00643nam a22002052 4500
001 - CONTROL NUMBER
control field 0000024442
005 - DATE AND TIME OF LATEST TRANSACTION
control field 20151217152302.0
008 - FIXED-LENGTH DATA ELEMENTS--GENERAL INFORMATION
fixed length control field 131122s xx 000 0 eng d
020 ## - INTERNATIONAL STANDARD BOOK NUMBER
International Standard Book Number 007174441x :
040 ## - CATALOGING SOURCE
Original cataloging agency KABU
Transcribing agency KABU
245 10 - TITLE STATEMENT
Title Tintinalli's emergency medicine :
Remainder of title just the facts /
Statement of responsibility, etc. [edited by] David M. Cline ... [et al.].
250 ## - EDITION STATEMENT
Edition statement 3rd ed.
260 ## - PUBLICATION, DISTRIBUTION, ETC. (IMPRINT)
Place of publication, distribution, etc. New York :
Name of publisher, distributor, etc. McGraw-Hill Medical,
Date of publication, distribution, etc. 2013.
300 ## - PHYSICAL DESCRIPTION
Extent xxii, 698 p.
650 #0 - SUBJECT ADDED ENTRY--TOPICAL TERM
Topical term or geographic name as entry element Emergency medicine.
-- 0000183294
700 1# - ADDED ENTRY--PERSONAL NAME
Personal name Cline, David M.
-- 0000184557
852 1# - LOCATION
-- p5776 KES
908 ## - PUT COMMAND PARAMETER (RLIN)
Put command parameter 131122
950 ## - LOCAL HOLDINGS (RLIN)
-- 1
Holdings
Withdrawn status Lost status Source of classification or shelving scheme Not for loan Home library Current library Date acquired Total Checkouts Full call number Barcode Date last seen Date last checked out Price effective from Koha item type
    Library of Congress Classification   Kabarak, Main Campus Kabarak, Main Campus 17/12/2015 8 RD755.5 .T56 2013 c. 1 016190 13/05/2024 15/01/2024 17/12/2015 General Collection
Designed with assistance from East African Informatics Ltd